| Registos Bibliográficos associados ao registo de autoridade |
|
Etiqueta de registo: 00254nkm 2200109 450 001 1777684 003 http://id.bnportugal.gov.pt/bib/catbnp/1777684 100 ## $a20110421d1987 am y0pory0103 ba 101 0# $apor 102 ## $aPT 200 1# $aPico do Areeiro, Madeira$bVisual gráfico]$ffoto de Manuel Nicolau 210 #9 $aFunchal$b(Apartamentos Piornais, bloco 9-3.º A)$cBernardino V.G.Carvão,$d[D.L. 1987] 215 ## $a1 postal$ccolor.$d11x15 cm 225 2# $aMadeira [ Bernardino V.G. Carvão]$v802 304 ## $aTítulo paralelo em francês, inglês e alemão 675 ## $a908(469.81Pico do Areeiro)"198"(084.0)$vBN$zpor$31458529 702 #1 $aCarvão,$bBernardino V.G.$4650$339193 702 #1 $aNicolau,$bManuel,$f1943-2020$4600$3103691 801 #0 $aPT$bBN$gRPC 966 ## $lBN$mICONOG$sP.I. 25833 P.$x1
Etiqueta de registo: 00230nkm 2200025 450 001 1376655 003 http://id.bnportugal.gov.pt/bib/catbnp/1376655 100 ## $a20060824f19701980m y0pory0103 ba 101 0# $apor 102 ## $aPT 200 1# $aHotel Dom Pedro, Madeira$bVisual gráfico] 210 #9 $aFunchal$bTr.ª São João de Deus, 13$cBernardino V. G. Carvão,$d[1976?]$ePorto:$gLito Of. Artistas Reunidos) 215 ## $a1 postal$ccolor.$d10,5x15 cm 225 2# $aMadeira [ Bernardino V.G. Carvão]$v559 304 ## $aTítulo paralelo em francês, inglês e alemão 306 ## $aData segundo características formais 316 ## $aVestígios de coleagem de selo 330 ## $aVista geral do hotel e baía 675 ## $a908(469.81Ilha da Madeira)"197"(084.0)$vBN$zpor$31249580 675 ## $a640.41(469.81)(084.0)$vBN$zpor$31249581 702 #1 $aCarvão,$bBernardino V.G.$4650$339193 966 ## $lBN$mICONOG$sP.I. 27881 P.$x3
Etiqueta de registo: 00708ckm 02200217 04500 001 39887 003 http://id.bnportugal.gov.pt/bib/catbnp/39887 005 19981113124000.0 095 ## $aPTBN00040945 100 ## $a19870202d1987 am y0pora0103 ba 101 0# $apor 102 ## $aPT 200 1# $aBaía de Machico, Madeira$bVisual gráfico]$ffoto de Manuel Nicolau 210 #9 $aFunchal$b(Apartamentos Piornais, bloco 9-3.º A)$cBernardino V.G. Carvão,$d[D.L. 1987] 215 ## $a1 postal$ccolor.$d15x11 cm 225 2# $aMadeira [ Bernardino V.G. Carvão]$v787 304 ## $aTítulo paralelo em francês, inglês e alemão 675 ## $a908(469.81Machico)"198"(084.0)$vBN$zpor$31242887 702 #1 $aCarvão,$bBernardino V.G.$4650$339193 702 #1 $aNicolau,$bManuel,$f1943-2020$4600$3103691 801 #0 $aPT$bBN$gRPC 966 ## $lBN$mICONOG$sP.I. 25778 P. 998 ## $aBN007 - 00369
Etiqueta de registo: 00659ckm 02200205 04500 001 39892 003 http://id.bnportugal.gov.pt/bib/catbnp/39892 005 19981113124000.0 095 ## $aPTBN00040950 100 ## $a19870202d1987 am y0pora0103 ba 101 0# $apor 102 ## $aPT 200 1# $aFlores da Madeira$bVisual gráfico]$esapatinhos 210 #9 $aFunchal$b(Apartamentos Piornais, bloco 9-3.º A)$cBernardino V.G. Carvão,$d[D.L. 1987] 215 ## $a1 postal$ccolor.$d11x15 cm 225 2# $aMadeira [ Bernardino V.G. Carvão] 304 ## $aTítulo paralelo em francês, inglês e alemão 675 ## $a635.9(469.81)(084.0)$vBN$zpor$31363708 702 #1 $aCarvão,$bBernardino V.G.$4650$339193 801 #0 $aPT$bBN$gRPC 966 ## $lBN$mICONOG$sP.I. 25773 P. 998 ## $aBN007 - 00374
Etiqueta de registo: 00658ckm 02200205 04500 001 39891 003 http://id.bnportugal.gov.pt/bib/catbnp/39891 005 19981113124000.0 095 ## $aPTBN00040949 100 ## $a19870202d1987 am y0pora0103 ba 101 0# $apor 102 ## $aPT 200 1# $aFlores da Madeira$bVisual gráfico]$ef$eantúrios 210 #9 $aFunchal$b(Apartamentos Piornais, bloco 9-3.º A)$cBernardino V.G. Carvão,$d[D.L. 1987] 215 ## $a1 postal$ccolor.$d11x15 cm 225 2# $aMadeira [ Bernardino V.G. Carvão]$v794 304 ## $aTítulo paralelo em francês, inglês e alemão 675 ## $a635.9(469.81)(084.0)$vBN$zpor$31363708 702 #1 $aCarvão,$bBernardino V.G.$4650$339193 801 #0 $aPT$bBN$gRPC 966 ## $lBN$mICONOG$sP.I. 25774 P. 998 ## $aBN007 - 00373
Etiqueta de registo: 00717ckm 02200217 04500 001 39890 003 http://id.bnportugal.gov.pt/bib/catbnp/39890 005 19981113124000.0 095 ## $aPTBN00040948 100 ## $a19870202d1987 am y0pora0103 ba 101 0# $apor 102 ## $aPT 200 1# $aBaía, Câmara de Lobos, Madeira$bVisual gráfico]$ffoto de Manuel Nicolau 210 #9 $aFunchal$b(Apartamentos Piornais, bloco 9-3.º A)$cBernardino V.G. Carvão,$d[D.L. 1987] 215 ## $a1 postal$ccolor.$d11x15 cm 225 2# $aMadeira [ Bernardino V.G. Carvão]$v798 304 ## $aTítulo paralelo em francês, inglês e alemão 675 ## $a908(469.81Câmara de Lobos)"198"(084.0)$vBN$zpor$3309746 702 #1 $aCarvão,$bBernardino V.G.$4650$339193 702 #1 $aNicolau,$bManuel,$f1943-2020$4600$3103691 801 #0 $aPT$bBN$gRPC 966 ## $lBN$mICONOG$sP.I. 25775 P. 998 ## $aBN007 - 00372
Etiqueta de registo: 00684ckm 02200217 04500 001 39893 003 http://id.bnportugal.gov.pt/bib/catbnp/39893 005 19981113124000.0 095 ## $aPTBN00040951 100 ## $a19870202d1987 am y0pora0103 ba 101 0# $apor 102 ## $aPT 200 1# $aMachico, Madeira$bVisual gráfico]$ffotos de Manuel Nicolau 210 #9 $aFunchal$b(Apartamentos Piornais, bloco 9-3.º A)$cBernardino V.G. Carvão,$d[D.L. 1987] 215 ## $a1 postal$ccolor.$d11x15 cm 225 2# $aMadeira [ Bernardino V.G. Carvão]$v800 330 ## $aComposição quadripartida 675 ## $a908(469.81Machico)"198"(084.0)$vBN$zpor$31242887 702 #1 $aCarvão,$bBernardino V.G.$4650$339193 702 #1 $aNicolau,$bManuel,$f1943-2020$4600$3103691 801 #0 $aPT$bBN$gRPC 966 ## $lBN$mICONOG$sP.I. 25772 P. 998 ## $aBN007 - 00375
Etiqueta de registo: 00731ckm 02200217 04500 001 39896 003 http://id.bnportugal.gov.pt/bib/catbnp/39896 005 19981113124100.0 095 ## $aPTBN00040954 100 ## $a19870202d1987 am y0pora0103 ba 101 0# $apor 102 ## $aPT 200 1# $aCâmara de Lobos, um aspecto da vila, Madeira$bVisual gráfico]$gfoto de Manuel Nicolau 210 #9 $aFunchal$b(Apartamentos Piornais, bloco 9-3.º A)$cBernardino V.G. Carvão,$d[D.L. 1987] 215 ## $a1 postal$ccolor.$d11x15 cm 225 2# $aMadeira [ Bernardino V.G. Carvão] 304 ## $aTítulo paralelo em francês, inglês e alemão 675 ## $a908(469.81Câmara de Lobos)"198"(084.0)$vBN$zpor$3309746 702 #1 $aCarvão,$bBernardino V.G.$4650$339193 702 #1 $aNicolau,$bManuel,$f1943-2020$4600$3103691 801 #0 $aPT$bBN$gRPC 966 ## $lBN$mICONOG$sP.I. 25769 P. 998 ## $aBN007 - 00378
Etiqueta de registo: 00740ckc 02200217 04500 001 39894 003 http://id.bnportugal.gov.pt/bib/catbnp/39894 005 19981113124000.0 095 ## $aPTBN00040952 100 ## $a19870202d1987 am y0pora0103 ba 101 0# $apor 102 ## $aPT 200 1# $aFlores da Madeira, Madeira$bVisual gráfico] 210 #9 $aFunchal$b(Apartamentos Piornais, bloco 9-3.º A)$cBernardino V.G. Carvão,$d[D.L. 1987] 215 ## $a3 postais$ccolor.$d11x15 cm 225 2# $aMadeira [ Bernardino V.G. Carvão]$v793$v795$v797 304 ## $aTítulo paralelo em francês, inglês e alemão 327 1# $aN.º 793 (P.I. 25771 P.)$aN.º 795 (P.I. 25780 P.)$aN.º 797 (P.I. 25782 P.) 675 ## $a635.9(084.0)$vBN$zpor$3301836 702 #1 $aCarvão,$bBernardino V.G.$4650$339193 801 #0 $aPT$bBN$gRPC 966 ## $lBN$mICONOG$sP.I. 25771 P. 966 ## $lBN$mICONOG$sP.I. 25780 P. 966 ## $lBN$mICONOG$sP.I. 25782 P. 998 ## $aBN007 - 00376
Etiqueta de registo: 00647ckm 02200205 04500 001 35610 003 http://id.bnportugal.gov.pt/bib/catbnp/35610 005 19981112155800.0 095 ## $aPTBN00036589 100 ## $a19870401d1987 am y0pora0103 ba 101 0# $apor 102 ## $aPT 200 1# $aMachico, Madeira$bVisual gráfico]$ffoto de Manuel Nicolau 210 #9 $aFunchal$b(Apartamentos Piornais, bloco 9-3.º A)$cBernardino V. G. Carvão,$d[D.L. 1987] 215 ## $a1 postal$ccolor.$d11x15 cm 225 2# $aMadeira [ Bernardino V.G. Carvão]$v804 675 ## $a908(469.81Machico)"198"(084.0)$vBN$zpor$31242887 702 #1 $aCarvão,$bBernardino V.G.$4650$339193 702 #1 $aNicolau,$bManuel,$f1943-2020$4600$3103691 801 #0 $aPT$bBN$gRPC 966 ## $lBN$mICONOG$sP.I. 25834 P. 998 ## $abn010 - 00097
Etiqueta de registo: 00756ckm 02200229 04500 001 35609 003 http://id.bnportugal.gov.pt/bib/catbnp/35609 005 19981112155800.0 095 ## $aPTBN00036588 100 ## $a19870401d1987 am y0pora0103 ba 101 0# $apor 102 ## $aPT 200 1# $aAspectos da neve, Pico do Areeiro, Madeira$bVisual gráfico]$ffotos de Manuel Nicolau 210 #9 $aFunchal$b(Apartamentos Piornais, bloco 9-3.º A)$cBernardino V.G.Carvão,$d[D.L. 1987] 215 ## $a1 postal$ccolor.$d11x15 cm 225 2# $aMadeira [ Bernardino V.G. Carvão]o$v788 304 ## $aTítulo paralelo em francês, inglês e alemão 675 ## $a908(469.81Pico do Areeiro)"198"(084.0)$vBN$zpor$31458529 702 #1 $aCarvão,$bBernardino V.G.$4650$339193 702 #1 $aNicolau,$bManuel,$f1943-2020$4600$3103691 801 #0 $aPT$bBN$gRPC 966 ## $lBN$mICONOG$sP.I. 25767 P. 998 ## $abn010 - 00096
Etiqueta de registo: 00599ckm 02200193 04500 001 35611 003 http://id.bnportugal.gov.pt/bib/catbnp/35611 005 19981112155800.0 095 ## $aPTBN00036590 100 ## $a19870401d1987 am y0pora0103 ba 101 0# $apor 102 ## $aPT 200 1# $aFunchal, um aspecto da baía$bVisual gráfico] 210 #9 $aFunchal$b(Apartamentos Piornais, bloco 9-3.º A)$cBernardino V. G. Carvão,$d[D.L. 1987] 215 ## $a1 postal$ccolor.$d11x15 cm 225 2# $aMadeira [ Bernardino V.G. Carvão]$v812 304 ## $aTítulo paralelo em francês, inglês e alemão 675 ## $a908(469.81Funchal)"198"(084.0)$vBN$zpor$3309748 702 #1 $aCarvão,$bBernardino V.G.$4650$339193 801 #0 $aPT$bBN$gRPC 966 ## $lBN$mICONOG$sP.I. 25835 P. 998 ## $abn010 - 00098
Etiqueta de registo: 00596ckm 02200193 04500 001 35612 003 http://id.bnportugal.gov.pt/bib/catbnp/35612 005 19981112155800.0 095 ## $aPTBN00036591 100 ## $a19870401d1987 am y0pora0103 ba 101 0# $apor 102 ## $aPT 200 1# $a O Lido, piscinas, Funchal$bVisual gráfico] 210 #9 $aFunchal$b(Apartamentos Piornais, bloco 9-3.º A)$cBernardino V. G. Carvão,$d[D.L. 1987] 215 ## $a1 postal$ccolor.$d11x15cm 225 2# $aMadeira [ Bernardino V.G. Carvão]$v806 304 ## $aTítulo paralelo em francês, inglês e alemão 675 ## $a908(469.81Funchal)"198"(084.0)$vBN$zpor$3309748 702 #1 $aCarvão,$bBernardino V.G.$4650$339193 801 #0 $aPT$bBN$gRPC 966 ## $lBN$mICONOG$sP.I. 25836 P. 998 ## $abn010 - 00099
Etiqueta de registo: 00665ckm 02200205 04500 001 35613 003 http://id.bnportugal.gov.pt/bib/catbnp/35613 005 19981112155800.0 095 ## $aPTBN00036592 100 ## $a19870401d1987 am y0pora0103 ba 101 0# $apor 102 ## $aPT 200 1# $aVista aérea da "Marina", Funchal$bVisual gráfico] 210 #9 $aFunchal$b(Apartamentos Piornais, bloco 9-3.º A)$cBernardino V.G.Carvão ,$d[D.L. 1987] 215 ## $a1 postal$ccolor.$d11x15 cm 225 2# $aMadeira [ Bernardino V.G. Carvão]$v811 304 ## $aTítulo paralelo em francês, inglês e alemão 675 ## $a908(469.81Funchal)"198"(084.0)$vBN$zpor$3309748 702 #1 $aCarvão,$bBernardino V.G.$4650$339193 801 #0 $aPT$bBN$gRPC 966 ## $lBN$mICONOG$sP.I. 25837 P. 998 ## $abn010 - 00100
Etiqueta de registo: 00691ckm 02200217 04500 001 39886 003 http://id.bnportugal.gov.pt/bib/catbnp/39886 005 19981113124000.0 095 ## $aPTBN00040944 100 ## $a19870202d1987 am y0pora0103 ba 101 0# $apor 102 ## $aPT 200 1# $aPorto de mar e "Marina", Funchal$bVisual gráfico] 210 #9 $aFunchal$b(Apartamentos Piornais, bloco 9-3.º A)$cBernardino V.G. Carvão,$d[D.L. 1987] 215 ## $a1 postal$ccolor.$d11x15 cm 225 2# $aMadeira [ Bernardino V.G. Carvão]$v792 304 ## $aTítulo paralelo em francês, inglês e alemão 675 ## $a908(469.81Funchal)"198"(084.0)$vBN$zpor$3309748 702 #1 $aCarvão,$bBernardino V.G.$4650$339193 801 #0 $aPT$bBN$gRPC 966 ## $lBN$mICONOG$sP.I. 25779 P. 998 ## $aBN007 - 00368
Etiqueta de registo: 00651ckm 02200205 04500 001 35607 003 http://id.bnportugal.gov.pt/bib/catbnp/35607 005 19981112155700.0 095 ## $aPTBN00036586 100 ## $a19870401d1987 am y0pora0103 ba 101 0# $apor 102 ## $aPT 200 1# $aPorto da Cruz, Madeira$bVisual gráfico]$ffoto de Manuel Nicolau 210 #9 $aFunchal$b(Apartamentos Piornais, bloco 9-3.º A)$cBernardino V. G. Carvão,$d[D.L. 1987] 215 ## $a1 postal$ccolor.$d11x15 cm 225 2# $aMadeira [ Bernardino V.G. Carvão]$v808 675 ## $a908(469.81Porto da Cruz)"198"(084.0)$vBN$zpor$31363742 702 #1 $aCarvão,$bBernardino V.G.$4650$339193 702 #1 $aNicolau,$bManuel,$f1943-2020$4600$3103691 801 #0 $aPT$bBN$gRPC 966 ## $lBN$mICONOG$sP.I. 25831 P. 998 ## $abn010 - 00094
Etiqueta de registo: 00741ckm 02200217 04500 001 35614 003 http://id.bnportugal.gov.pt/bib/catbnp/35614 005 19981112155800.0 095 ## $aPTBN00036593 100 ## $a19870401d1987 am y0pora0103 ba 101 0# $apor 102 ## $aPT 200 1# $aMadeira$bVisual gráfico]$e um aspecto do tratamento de vimes$ffoto de Manuel Nicolau 210 #9 $aFunchal$cBernardino V.G. Carvão,$d[D.L. 1987$ePorto :$gPoligráfica - Artes Gráficas]) 215 ## $a1 postal$ccolor.$d11x15 cm 225 2# $aMadeira [ Bernardino V.G. Carvão] 304 ## $aCompl. de tít. em francês, inglês e alemão 675 ## $a631.57(469.81)(084.0)$vBN$zpor$3324351 702 #1 $aCarvão,$bBernardino V.G.$4650$339193 702 #1 $aNicolau,$bManuel,$f1943-2020$4600$3103691 801 #0 $aPT$bBN$gRPC 966 ## $lBN$mICONOG$sP.I. 25838 P. 998 ## $abn010 - 00101
Etiqueta de registo: 00722ckm 02200217 04500 001 35608 003 http://id.bnportugal.gov.pt/bib/catbnp/35608 005 19981112155800.0 095 ## $aPTBN00036587 100 ## $a19870401d1987 am y0pora0103 ba 101 0# $apor 102 ## $aPT 200 1# $aSelecção de vimes, Madeira$bVisual gráfico]$ffoto de Manuel Nicolau 210 #9 $aFunchal$b(Apartamentos Piornais, bloco 9-3.º A)$cBernardino V. G. Carvão,$d[D.L. 1987] 215 ## $a1 postal$ccolor.$d11x15 cm 225 2# $aMadeira [ Bernardino V.G. Carvão]$v810 304 ## $aTítulo paralelo em francês, inglês e alemão 675 ## $a631.57(469.81)(084.0)$vBN$zpor$3324351 702 #1 $aCarvão,$bBernardino V.G.$4650$339193 702 #1 $aNicolau,$bManuel,$f1943-2020$4600$3103691 801 #0 $aPT$bBN$gRPC 966 ## $lBN$mICONOG$sP.I. 25832 P. 998 ## $abn010 - 00095
Etiqueta de registo: 00655ckm 02200205 04500 001 39899 003 http://id.bnportugal.gov.pt/bib/catbnp/39899 005 19981113124100.0 095 ## $aPTBN00040957 100 ## $a19870202d1987 am y0pora0103 ba 101 0# $apor 102 ## $aPT 200 1# $aPorto Santo, um aspecto da vila$bVisual gráfico] 210 #9 $aFunchal$b(Apartamentos Piornais, bloco 9-3.º A)$cBernardino V.G. Carvão,$d[D.L. 1987] 215 ## $a1 postal$ccolor.$d11x15 cm 225 2# $aMadeira [ Bernardino V.G. Carvão]$v783 304 ## $aTítulo paralelo em francês, inglês e alemão 675 ## $a908(469.81Porto Santo)"198"(084.0)$vBN$zpor$31458530 702 #1 $aCarvão,$bBernardino V.G.$4650$339193 801 #0 $aPT$bBN$gRPC 966 ## $lBN$mICONOG$sP.I. 25766 P. 998 ## $aBN007 - 00381
Etiqueta de registo: 00661ckm 02200205 04500 001 39897 003 http://id.bnportugal.gov.pt/bib/catbnp/39897 005 19981113124100.0 095 ## $aPTBN00040955 100 ## $a19870202d1987 am y0pora0103 ba 101 0# $apor 102 ## $aPT 200 1# $aPorto Santo, na vila, a igreja matriz$bVisual gráfico] 210 #9 $aFunchal$b(Apartamentos Piornais, bloco 9-3.º A)$cBernardino V.G. Carvão,$d[D.L. 1987] 215 ## $a1 postal$ccolor.$d11x15 cm 225 2# $aMadeira [ Bernardino V.G. Carvão]$v791 304 ## $aTítulo paralelo em francês, inglês e alemão 675 ## $a908(469.81Porto Santo)"198"(084.0)$vBN$zpor$31458530 702 #1 $aCarvão,$bBernardino V.G.$4650$339193 801 #0 $aPT$bBN$gRPC 966 ## $lBN$mICONOG$sP.I. 25768 P. 998 ## $aBN007 - 00379
Etiqueta de registo: 00665ckm 02200205 04500 001 39895 003 http://id.bnportugal.gov.pt/bib/catbnp/39895 005 19981113124100.0 095 ## $aPTBN00040953 100 ## $a19870202d1987 am y0pora0103 ba 101 0# $apor 102 ## $aPT 200 1# $aPorto Santo, à roda da Ilha, vários ilhéus$bVisual gráfico] 210 #9 $aFunchal$b(Apartamentos Piornais, bloco 9-3.º A)$cBernardino V.G. Carvão,$d[D.L. 1987] 215 ## $a1 postal$ccolor.$d11x15 cm 225 2# $aMadeira [ Bernardino V.G. Carvão]$v789 304 ## $aTítulo paralelo em francês, inglês e alemão 675 ## $a908(469.81Porto Santo)"198"(084.0)$vBN$zpor$31458530 702 #1 $aCarvão,$bBernardino V.G.$4650$339193 801 #0 $aPT$bBN$gRPC 966 ## $lBN$mICONOG$sP.I. 25770 P. 998 ## $aBN007 - 00377
Etiqueta de registo: 00675ckm 02200205 04500 001 39889 003 http://id.bnportugal.gov.pt/bib/catbnp/39889 005 19981113124000.0 095 ## $aPTBN00040947 100 ## $a19870202d1987 am y0pora0103 ba 101 0# $apor 102 ## $aPT 200 1# $aPorto Santo, no Pico do Facho, a maior altitude da ilha$bVisual gráfico] 210 #9 $aFunchal$b(Apartamentos Piornais, bloco 9-3.º A)$cBernardino V.G. Carvão,$d[D.L. 1987] 215 ## $a1 postal$ccolor.$d11x15 cm 225 2# $aMadeira [ Bernardino V.G. Carvão]$v790 304 ## $aTítulo paralelo em francês, inglês e alemão 675 ## $a908(469.81Porto Santo)"198"(084.0)$vBN$zpor$31458530 702 #1 $aCarvão,$bBernardino V.G.$4650$339193 801 #0 $aPT$bBN$gRPC 966 ## $lBN$mICONOG$sP.I. 25776 P. 998 ## $aBN007 - 00371
Etiqueta de registo: 00802ckm 02200241 04500 001 39888 003 http://id.bnportugal.gov.pt/bib/catbnp/39888 005 19981113124000.0 095 ## $aPTBN00040946 100 ## $a19870202d1987 am y0pora0103 ba 101 0# $apor 102 ## $aPT 200 1# $aVila, monumentos e palmeiras, Porto Santo$bVisual gráfico] 210 #9 $aFunchal$b(Apartamentos Piornais, bloco 9-3.º A)$cBernardino V.G. Carvão,$d[D.L. 1987] 215 ## $a1 postal$ccolor.$d11x15 cm 225 2# $aMadeira [ Bernardino V.G. Carvão]$v786 304 ## $aTítulo paralelo em francês, inglês e alemão 330 ## $aBusto de Cristóvão Colombo num trecho de jardim 675 ## $a908(469.81Porto Santo)"198"(084.0)$vBN$zpor$31458530 702 #1 $aCarvão,$bBernardino V.G.$4650$339193 801 #0 $aPT$bBN$gRPC 966 ## $lBN$mICONOG$sP.I. 25777 P. 998 ## $aBN007 - 00370
Etiqueta de registo: 00718ckm 02200217 04500 001 39884 003 http://id.bnportugal.gov.pt/bib/catbnp/39884 005 19981113124000.0 095 ## $aPTBN00040942 100 ## $a19870202d1987 am y0pora0103 ba 101 0# $apor 102 ## $aPT 200 1# $aEntre palmeiras, o Monumento das Descobertas, Porto Santo$bVisual gráfico] 210 #9 $aFunchal$b(Apartamentos Piornais, bloco 9-3.º A)$cBernardino V.G. Carvão,$d[D.L. 1987] 215 ## $a1 postal$ccolor.$d11x15 cm 225 2# $aMadeira [ Bernardino V.G. Carvão]$v784 304 ## $aTítulo paralelo em francês, inglês e alemão 675 ## $a908(469.81Porto Santo)"198"(084.0)$vBN$zpor$31458530 702 #1 $aCarvão,$bBernardino V.G.$4650$339193 801 #0 $aPT$bBN$gRPC 966 ## $lBN$mICONOG$sP.I. 25781 P. 998 ## $aBN007 - 00366
Etiqueta de registo: 00675ckm 02200217 04500 001 39876 003 http://id.bnportugal.gov.pt/bib/catbnp/39876 005 19981113123900.0 095 ## $aPTBN00040934 100 ## $a19870202d1987 am y0pora0103 ba 101 0# $apor 102 ## $aPT 200 1# $aMoinho característico da ilha, Porto Santo$bVisual gráfico] 210 #9 $aFunchal$b(Apartamentos Piornais, bloco 9-3.º A)$cBernardino V.G.Carvão,$d[D.L. 1987] 215 ## $a1 postal$ccolor.$d11x15 cm 225 2# $aMadeira [ Bernardino V.G. Carvão]$v785 304 ## $aTítulo paralelo em francês, inglês e alemão 675 ## $a908(469.81Porto Santo)"198"(084.0)$vBN$zpor$31458530 675 ## $a664.71(469.81)(084.0)$vBN$zpor$31562109 702 #1 $aCarvão,$bBernardino V.G.$4650$339193 801 #0 $aPT$bBN$gRPC 966 ## $lBN$mICONOG$sP.I. 25789 P. 998 ## $aBN007 - 00358
Etiqueta de registo: 00254nkc 2200109 450 001 1884015 003 http://id.bnportugal.gov.pt/bib/catbnp/1884015 100 ## $a20140919d1976 am y0pory01030103ba 101 0# $apor$afre$aeng 102 ## $aPT 200 1# $aVista parcial do Funchal, Madeira$bVisual gráfico]$dPartial view of Funchal, Madeira$dVue partielle de Funchal, Madeira$zeng$zfre 210 #9 $aFunchal$bTr.ª São João de Deus, 13$cBernardino V. G. Carvão,$d[D.L. 1976]$ePorto:$gLito Of. Artistas Reunidos) 215 ## $a3 postais$ccolor.$d10,5x15 cm 225 2# $aMadeira [ Bernardino V.G. Carvão]$v407$v410$v411 308 ## $aN.º coleção inscrito no espaço reservado à estampilha post 510 1# $aPartial view of Funchal, Madeira$zeng 510 1# $aVue partielle de Funchal, Madeira$zfre 675 ## $a908(469.81Funchal)"197"(084.0)$vBN$zpor$31586326 702 #1 $aCarvão,$bBernardino V.G.$4650$339193 801 #0 $aPT$bBN$gRPC 966 ## $lBN$mICONOG$sP.I. 20205 P.$x1 966 ## $lBN$mICONOG$sP.I. 20211 P.$x1 966 ## $lBN$mICONOG$sP.I. 20212 P.$x1
Etiqueta de registo: 00000nkc 2200025 450 001 2020203 003 http://id.bnportugal.gov.pt/bib/catbnp/2020203 100 ## $a20190603f19801987am y0pora0103 ba 101 0# $apor 102 ## $aPT 200 1# $aMadeira$bVisual gráfico]$esapatinhos 210 #9 $aFunchal$cBernardino V.G. Carvão,$d[1985]$ePorto :$gLito. Of. Artistas Reunidos) 215 ## $a2 postais$ccolor.$d10,5x15 cm 225 2# $aMadeira [ Bernardino V.G. Carvão] 304 ## $aCompl. do tit. em francês, inglês e alemão 306 ## $aData atribuída em conformidade com as características formais do documento 675 ## $a635.9(469.81)(084.0)$vBN$zpor$31363708 702 #1 $aCarvão,$bBernardino V.G.$4650$339193 702 #1 $aCarvão,$bBernardino V.G.$4650$339193 801 #0 $aPT$bBN$gRPC 966 ## $lBN$mICONOG$sP.I. 29257 P.$x3 966 ## $lBN$mICONOG$sP.I. 29258 P.$x3
Etiqueta de registo: 00254nkm 2200109 450 001 2211314 003 http://id.bnportugal.gov.pt/bib/catbnp/2211314 100 ## $a20250411d1976 am y0pory01030103ba 101 0# $apor 102 ## $aPT 200 1# $aStadium dos Barreiros, Funchal, Madeira$bVisual gráfico] 210 #9 $aFunchal$b(Tr.ª São João de Deus, 13)$cBernardino V.G. Carvão,$d[D.L. 1976]$ePorto:$gLito Of. Artistas Reunidos) 215 ## $a1 postal$ccolor.$d10,4x15 cm 225 2# $aMadeira [ Bernardino V.G. Carvão]$v424 308 ## $aN.º coleção inscrito no espaço reservado à estampilha postal 675 ## $a908(469.81Funchal)"197"(084.0)$vBN$zpor$31586326 702 #1 $aCarvão,$bBernardino V.G.$4650$339193 801 #0 $aPT$bBN$gRPC 966 ## $lBN$mICONOG$sP.I. 20222 P.$x1 971 ## $ccvalente$d20250411
Etiqueta de registo: 00254nkm 2200109 450 001 2211312 003 http://id.bnportugal.gov.pt/bib/catbnp/2211312 100 ## $a20250411d1976 am y0pory01030103ba 101 0# $apor 102 ## $aPT 200 1# $aHotel Vila Ramos, Funchal, Madeira$bVisual gráfico] 210 #9 $aFunchal$b(Tr.ª São João de Deus, 13)$cBernardino V.G. Carvão,$d[D.L. 1976]$ePorto:$gLito Of. Artistas Reunidos) 215 ## $a1 postal$ccolor.$d10,4x15 cm 225 2# $aMadeira [ Bernardino V.G. Carvão]$v422 308 ## $aN.º coleção inscrito no espaço reservado à estampilha postal 675 ## $a908(469.81Funchal)"197"(084.0)$vBN$zpor$31586326 702 #1 $aCarvão,$bBernardino V.G.$4650$339193 801 #0 $aPT$bBN$gRPC 966 ## $lBN$mICONOG$sP.I. 20220 P.$x1 971 ## $ccvalente$d20250411
Etiqueta de registo: 00254nkm 2200109 450 001 2211310 003 http://id.bnportugal.gov.pt/bib/catbnp/2211310 100 ## $a20250411d1976 am y0pory01030103ba 101 0# $apor 102 ## $aPT 200 1# $aPraça do Infante, Funchal, Madeira$bVisual gráfico] 210 #9 $aFunchal$b(Tr.ª São João de Deus, 13)$cBernardino V.G. Carvão,$d[D.L. 1976]$ePorto:$gLito Of. Artistas Reunidos) 215 ## $a1 postal$ccolor.$d10,4x15 cm 225 2# $aMadeira [ Bernardino V.G. Carvão]$v421 308 ## $aN.º coleção inscrito no espaço reservado à estampilha postal 675 ## $a908(469.81Funchal)"197"(084.0)$vBN$zpor$31586326 702 #1 $aCarvão,$bBernardino V.G.$4650$339193 801 #0 $aPT$bBN$gRPC 966 ## $lBN$mICONOG$sP.I. 20219 P.$x1 971 ## $ccvalente$d20250411
Etiqueta de registo: 00254nkm 2200109 450 001 2211308 003 http://id.bnportugal.gov.pt/bib/catbnp/2211308 100 ## $a20250411d1976 am y0pory01030103ba 101 0# $apor$aeng$afre 102 ## $aPT 200 1# $aVendedeiras de flores no centro da cidade do Funchal, Madeira$bVisual gráfico]$dFlowers vendure in down town of Funchal, Madeira$dVendeuses de fleurs au centre de la ville de Funchal, Madeira 210 #9 $aFunchal$b(Tr.ª São João de Deus, 13)$cBernardino V.G. Carvão,$d[D.L. 1976]$ePorto:$gLito Of. Artistas Reunidos) 215 ## $a1 postal$ccolor.$d10,4x15 cm 225 2# $aMadeira [ Bernardino V.G. Carvão]$v420 308 ## $aN.º coleção inscrito no espaço reservado à estampilha postal 510 1# $aFlowers vendure in down town of Funchal, Madeira$zeng 510 1# $aVendeuses de fleurs au centre de la ville de Funchal, Madeira$zfre 675 ## $a908(469.81Funchal)"197"(084.0)$vBN$zpor$31586326 702 #1 $aCarvão,$bBernardino V.G.$4650$339193 801 #0 $aPT$bBN$gRPC 966 ## $lBN$mICONOG$sP.I. 20218 P.$x1 971 ## $ccvalente$d20250411
Etiqueta de registo: 00254nkm 2200109 450 001 2211306 003 http://id.bnportugal.gov.pt/bib/catbnp/2211306 100 ## $a20250411d1976 am y0pory01030103ba 101 0# $apor 102 ## $aPT 200 1# $aClub Naval do Funchal, Madeira$bVisual gráfico] 210 #9 $aFunchal$b(Tr.ª São João de Deus, 13)$cBernardino V.G. Carvão,$d[D.L. 1976]$ePorto:$gLito Of. Artistas Reunidos) 215 ## $a1 postal$ccolor.$d10,4x15 cm 225 2# $aMadeira [ Bernardino V.G. Carvão]$v419 308 ## $aN.º coleção inscrito no espaço reservado à estampilha postal 675 ## $a908(469.81Funchal)"197"(084.0)$vBN$zpor$31586326 702 #1 $aCarvão,$bBernardino V.G.$4650$339193 801 #0 $aPT$bBN$gRPC 966 ## $lBN$mICONOG$sP.I. 20217 P.$x1 971 ## $ccvalente$d20250411
Etiqueta de registo: 00254nkm 2200109 450 001 2211304 003 http://id.bnportugal.gov.pt/bib/catbnp/2211304 100 ## $a20250411d1976 am y0pory01030103ba 101 0# $apor$aeng$afre 102 ## $aPT 200 1# $a A Catedral, Funchal, Madeira$bVisual gráfico]$d The Cathedral, Funchal, Madeira$d La Cathédrale, Funchal, Madeira$zeng$zfre 210 #9 $aFunchal$b(Tr.ª São João de Deus, 13)$cBernardino V.G. Carvão,$d[D.L. 1976]$ePorto:$gLito Of. Artistas Reunidos) 215 ## $a1 postal$ccolor.$d10,4x15 cm 225 2# $aMadeira [ Bernardino V.G. Carvão]$v415 308 ## $aN.º coleção inscrito no espaço reservado à estampilha postal 510 1# $a The Cathedral, Funchal, Madeira$zeng 510 1# $a La Cathédrale, Funchal, Madeira$zfre 675 ## $a908(469.81Funchal)"197"(084.0)$vBN$zpor$31586326 702 #1 $aCarvão,$bBernardino V.G.$4650$339193 801 #0 $aPT$bBN$gRPC 966 ## $lBN$mICONOG$sP.I. 20216 P.$x1 971 ## $ccvalente$d20250411
Etiqueta de registo: 00254nkm 2200109 450 001 2211300 003 http://id.bnportugal.gov.pt/bib/catbnp/2211300 100 ## $a20250411d1976 am y0pory01030103ba 101 0# $apor$afre$aeng 102 ## $aPT 200 1# $aJardins do Funchal, Madeira$bVisual gráfico]$dMadeira gardens$dJardins de Funchal, Madeira$zeng$zfre 210 #9 $aFunchal$b(Tr.ª São João de Deus, 13)$cBernardino V.G. Carvão,$d[D.L. 1976]$ePorto:$gLito Of. Artistas Reunidos) 215 ## $a1 postal$ccolor.$d10,4x15 cm 225 2# $aMadeira [ Bernardino V.G. Carvão]$v413 308 ## $aN.º coleção inscrito no espaço reservado à estampilha postal 510 1# $aMadeira gardens$zeng 510 1# $aJardins de Funchal, Madeira$zfre 675 ## $a908(469.81Funchal)"197"(084.0)$vBN$zpor$31586326 702 #1 $aCarvão,$bBernardino V.G.$4650$339193 801 #0 $aPT$bBN$gRPC 966 ## $lBN$mICONOG$sP.I. 20214 P.$x1 971 ## $ccvalente$d20250411
Etiqueta de registo: 00254nkm 2200109 450 001 2211297 003 http://id.bnportugal.gov.pt/bib/catbnp/2211297 100 ## $a20250411d1976 am y0pory01030103ba 101 0# $apor$aeng$afre 102 ## $aPT 200 1# $aRestaurante típico "A Seta", Madeira$bVisual gráfico]$dTypical restaurant "A Seta", Madeira$dRestaurant typique "A Seta", Madeira 210 #9 $aFunchal$b(Tr.ª São João de Deus, 13)$cBernardino V.G. Carvão,$d[D.L. 1976]$ePorto:$gLito Of. Artistas Reunidos) 215 ## $a1 postal$ccolor.$d10,4x15 cm 225 2# $aMadeira [ Bernardino V.G. Carvão]$v412 308 ## $aN.º coleção inscrito no espaço reservado à estampilha postal 510 1# $aTypical restaurant "A Seta", Madeira$zeng 510 1# $aRestaurant typique "A Seta", Madeira$zfre 675 ## $a908(469.81Funchal)"197"(084.0)$vBN$zpor$31586326 702 #1 $aCarvão,$bBernardino V.G.$4650$339193 801 #0 $aPT$bBN$gRPC 966 ## $lBN$mICONOG$sP.I. 20213 P.$x1 971 ## $ccvalente$d20250411
Etiqueta de registo: 00254nkm 2200109 450 001 2211294 003 http://id.bnportugal.gov.pt/bib/catbnp/2211294 100 ## $a20250411d1976 am y0pory01030103ba 101 0# $apor$aeng$afre 102 ## $aPT 200 1# $aCastelo do Pico, Funchal, Madeira$bVisual gráfico]$dPico's castle, Funchal, Madeira$dForteresse du Pico, Funchal, Madeira$zeng$zfre 210 #9 $aFunchal$b(Tr.ª São João de Deus, 13)$cBernardino V.G. Carvão,$d[D.L. 1976]$ePorto:$gLito. Of. Artistas Reunidos) 215 ## $a1 postal$ccolor.$d10,4x15 cm 225 2# $aMadeira [ Bernardino V.G. Carvão]$v409 510 1# $aPico's castle, Funchal, Madeira$zeng 510 1# $aForteresse du Pico, Funchal, Madeira$zfre 675 ## $a908(469.81Funchal)"197"(084.0)$vBN$zpor$31586326 702 #1 $aCarvão,$bBernardino V.G.$4650$339193 801 #0 $aPT$bBN$gRPC 966 ## $lBN$mICONOG$sP.I. 20210 P.$x1 971 ## $ccvalente$d20250411
Etiqueta de registo: 00254nkm 2200109 450 001 2211290 003 http://id.bnportugal.gov.pt/bib/catbnp/2211290 100 ## $a20250411d1976 am y0pory01030103ba 101 0# $apor$aeng$afre 102 ## $aPT 200 1# $aVista de Santo António, Funchal, Madeira$bVisual gráfico]$dSanto António view, Funchal, Madeira$dVue de Santo António, Funchal, Madeira 210 #9 $aFunchal$b(Tr.ª São João de Deus, 13)$cBernardino V.G. Carvão,$d[D.L. 1976]$ePorto:$gLito. Of. Artistas Reunidos) 215 ## $a1 postal$ccolor.$d10,4x15 cm 225 2# $aMadeira [ Bernardino V.G. Carvão]$v406 308 ## $aN.º coleção inscrito no espaço reservado à estampilha postal 510 1# $aSanto António view, Funchal, Madeira$zeng 510 1# $aVue de Santo António, Funchal, Madeira$zfre 675 ## $a908(469.81Funchal)"197"(084.0)$vBN$zpor$31586326 702 #1 $aCarvão,$bBernardino V.G.$4650$339193 801 #0 $aPT$bBN$gRPC 966 ## $lBN$mICONOG$sP.I. 20206 P.$x1 971 ## $ccvalente$d20250411
Etiqueta de registo: 00254nkm 2200109 450 001 2211288 003 http://id.bnportugal.gov.pt/bib/catbnp/2211288 100 ## $a20250411d1976 am y0pory01030103ba 101 0# $apor$aeng$afre 102 ## $aPT 200 1# $aCarros de cestos, típico da Madeira$bVisual gráfico]$dTypical Madeira basket-wagon$dChars typiques de Madère$zeng$zfre 210 #9 $aFunchal$b(Tr.ª São João de Deus, 13)$cBernardino V.G. Carvão,$d[D.L. 1976]$ePorto:$gLito. Of. Artistas Reunidos) 215 ## $a1 postal$ccolor.$d10,4x15 cm 225 2# $aMadeira [ Bernardino V.G. Carvão]$v391 308 ## $aN.º coleção inscrito no espaço reservado à estampilha postal 510 1# $aTypical Madeira basket-wagon$zeng 510 1# $aChars typiques de Madère$zfre 675 ## $a908(469.81Funchal)"197"(084.0)$vBN$zpor$31586326 702 #1 $aCarvão,$bBernardino V.G.$4650$339193 801 #0 $aPT$bBN$gRPC 966 ## $lBN$mICONOG$sP.I. 20207 P.$x1 971 ## $ccvalente$d20250411
Etiqueta de registo: 00254nkm 2200109 450 001 2211283 003 http://id.bnportugal.gov.pt/bib/catbnp/2211283 100 ## $a20250411d1976 am y0pory01030103ba 101 0# $apor$afre$aeng 102 ## $aPT 200 1# $aFolclore, grupo do Funchal, Madeira$bVisual gráfico]$dFolklore, Funchal groupe, Madeira$dFolklore, grupe du Funchal, Madeira$zeng$zfre 210 #9 $aFunchal$b(Tr.ª São João de Deus, 13)$cBernardino V.G. Carvão,$d[D.L. 1976]$ePorto:$gLito Of. Artistas Reunidos) 215 ## $a1 postal$ccolor.$d10,4x15 cm 225 2# $aMadeira [ Bernardino V.G. Carvão]$v21 308 ## $aN.º coleção inscrito no espaço reservado à estampilha postal 510 1# $aFolklore, Funchal groupe, Madeira$zeng 510 1# $aFolklore, grupe du Funchal, Madeira$zfre 675 ## $a908(469.81Funchal)"197"(084.0)$vBN$zpor$31586326 702 #1 $aCarvão,$bBernardino V.G.$4650$339193 801 #0 $aPT$bBN$gRPC 966 ## $lBN$mICONOG$sP.I. 20208 P.$x1 971 ## $ccvalente$d20250411
Etiqueta de registo: 00254nkm 2200109 450 001 2211313 003 http://id.bnportugal.gov.pt/bib/catbnp/2211313 100 ## $a20250411d1976 am y0pory01030103ba 101 0# $apor$aeng$afre 102 ## $aPT 200 1# $aPenha d'Aguia, Porto da Cruz, Madeira$bVisual gráfico]$dEagle Rock, Porto da Cruz, Madeira$dRocher de l'Aigle, Porto da Cruz, Madeira$zfre$zeng 210 #9 $aFunchal$b(Tr.ª São João de Deus, 13)$cBernardino V.G. Carvão,$d[D.L. 1976]$ePorto:$gLito Of. Artistas Reunidos) 215 ## $a1 postal$ccolor.$d10,4x15 cm 225 2# $aMadeira [ Bernardino V.G. Carvão]$v423 308 ## $aN.º coleção inscrito no espaço reservado à estampilha postal 510 1# $aRocher de l'Aigle, Porto da Cruz, Madeira$zfre 510 1# $aEagle Rock, Porto da Cruz, Madeira$zeng 517 ## $aPenha d'Águia, Porto da Cruz, Madeira 675 ## $a908(469.81Machico)"197"(084.0)$vBN$zpor$31952045 702 #1 $aCarvão,$bBernardino V.G.$4650$339193 801 #0 $aPT$bBN$gRPC 966 ## $lBN$mICONOG$sP.I. 20221 P.$x1 971 ## $ccvalente$d20250411
Etiqueta de registo: 00254nkm 2200109 450 001 2211302 003 http://id.bnportugal.gov.pt/bib/catbnp/2211302 100 ## $a20250411d1976 am y0pory01030103ba 101 0# $apor$afre$aeng 102 ## $aPT 200 1# $aCasa típica de Santana, Madeira$bVisual gráfico]$dTypical house of Santana, Madeira$dMaison typique de Santana, Madeira$zeng$zfre 210 #9 $aFunchal$b(Tr.ª São João de Deus, 13)$cBernardino V.G. Carvão,$d[D.L. 1976]$ePorto:$gLito Of. Artistas Reunidos) 215 ## $a1 postal$ccolor.$d10,4x15 cm 225 2# $aMadeira [ Bernardino V.G. Carvão]$v414 308 ## $aN.º coleção inscrito no espaço reservado à estampilha postal 510 1# $aTypical house of Santana, Madeira$zeng 510 1# $aMaison typique de Santana, Madeira$zfre 675 ## $a908(469.81Santana)"197"(084.0)$vBN$zpor$31952042 702 #1 $aCarvão,$bBernardino V.G.$4650$339193 801 #0 $aPT$bBN$gRPC 966 ## $lBN$mICONOG$sP.I. 20215 P.$x1 971 ## $ccvalente$d20250411
Etiqueta de registo: 00254nkm 2200109 450 001 1895662 003 http://id.bnportugal.gov.pt/bib/catbnp/1895662 100 ## $a20150227d1977 am y0pory01030103ba 101 0# $apor 102 ## $aPT 200 1# $aNossa Senhora do Monte, padroeira da Madeira, Madeira$bVisual gráfico] 210 #9 $aFunchal$b(Tr.ª São João de Deus, 13)$cBernardino V.G. Carvão,$d[D.L. 1977]$ePorto:$gLito. Of. Artistas Reunidos) 215 ## $a1 postal$ccolor.$d15x10,5 cm 225 2# $aMadeira [ Bernardino V.G. Carvão]$v190 330 ## $aImagem de Nossa Senhora no altar 675 ## $a272-312Nossa Senhora do Monte(084.0)$vBN$zpor$31601613 702 #1 $aCarvão,$bBernardino V.G.$4650$339193 801 #0 $aPT$bBN$gRPC 856 41 $uhttp://rnod.bnportugal.gov.pt/ImagesBN/winlibimg.aspx?skey=&doc=1895662&img=58253&save=true 966 ## $lBN$mICONOG$sP.I. 21357 P.$x1
Etiqueta de registo: 00254nkm 2200109 450 001 2196029 003 http://id.bnportugal.gov.pt/bib/catbnp/2196029 100 ## $a20241113d1982 am y0pory01030103ba 101 0# $aporger 102 ## $aPT 200 1# $aS. Roque do Faial, Madeira$bVisual gráfico] 210 #9 $aFunchal$b(Tr.ª São João de Deus, 13)$cBernardino V.G. Carvão,$d[D.L. 1982]$ePorto :$gLito Of. Artistas Reunidos) 215 ## $a1 postal$ccolor.$d10,5x15 cm 225 2# $aMadeira [ Bernardino V.G. Carvão]$v236 532 1# $aSão Roque do Faial, Madeira 675 ## $a908(469.81São Roque do Faial)"198"(084.0)$vBN$zpor$31935471 702 #1 $aCarvão,$bBernardino V.G.$4650$339193 801 #0 $aPT$bBN$gRPC 966 ## $lBN$mICONOG$sP.I. 23002 P.$x1 971 ## $cfpinelo$d20241113
Etiqueta de registo: 00254nkm 2200109 450 001 2196023 003 http://id.bnportugal.gov.pt/bib/catbnp/2196023 100 ## $a20241113d1982 am y0pory01030103ba 101 0# $apor$afre$aeng$ager 102 ## $aPT 200 1# $a Um aspecto da descida para o Curral das Freiras, Madeira$bVisual gráfico]$d Un aspect de la descente vers Curral das Freiras, Madeira$d An aspect of the descent to Curral das Freiras, Madeira$dAnsicht vom abstieg zum Curral das Freiras, Madeira$zfre$zeng$zger 210 #9 $aFunchal$b(Tr.ª São João de Deus, 13)$cBernardino V.G. Carvão,$d[D.L. 1982]$ePorto :$gLito Of. Artistas Reunidos) 215 ## $a1 postal$ccolor.$d10,5x15 cm 225 2# $aMadeira [ Bernardino V.G. Carvão]$v669 510 1# $a Un aspect de la descente vers Curral das Freiras, Madeira$zfre 510 1# $a An aspect of the descent to Curral das Freiras, Madeira$zeng 510 1# $aAnsicht vom abstieg zum Curral das Freiras, Madeira$zger 675 ## $a908(469.81Curral das Freiras)"198"(084.0)$vBN$zpor$31450354 702 #1 $aCarvão,$bBernardino V.G.$4650$339193 801 #0 $aPT$bBN$gRPC 966 ## $lBN$mICONOG$sP.I. 23018 P.$x1 971 ## $cfpinelo$d20241113
Etiqueta de registo: 00254nkm 2200109 450 001 2196017 003 http://id.bnportugal.gov.pt/bib/catbnp/2196017 100 ## $a20241113d1982 am y0pory01030103ba 101 0# $apor$afre$aeng$ager 102 ## $aPT 200 1# $a Uma praia que se estende por 9 kms, Porto Santo$bVisual gráfico]$d La plage s'étend sur une longueur d'environ 9 kms, Porto Santo$d The beach extends for about 9 kms, Porto Santo$d Ein 9 km. lang strand, Porto Santo$zfre$zeng$zger 210 #9 $aFunchal$b(Tr.ª São João de Deus, 13)$cBernardino V.G. Carvão,$d[D.L. 1982]$ePorto :$gLito Of. Artistas Reunidos) 215 ## $a1 postal$ccolor.$d10,5x15 cm 225 2# $aMadeira [ Bernardino V.G. Carvão]$v651 510 1# $a La plage s'étend sur une longueur d'environ 9 kms, Porto Santo$zfre 510 1# $a The beach extends for about 9 kms, Porto Santo$zeng 510 1# $a Ein 9 km. lang strand, Porto Santo$zger 675 ## $a908(469.81Porto Santo)"198"(084.0)$vBN$zpor$31458530 702 #1 $aCarvão,$bBernardino V.G.$4650$339193 801 #0 $aPT$bBN$gRPC 966 ## $lBN$mICONOG$sP.I. 23004 P.$x1 971 ## $cfpinelo$d20241113
Etiqueta de registo: 00254nkm 2200109 450 001 2196005 003 http://id.bnportugal.gov.pt/bib/catbnp/2196005 100 ## $a20241113d1982 am y0pory01030103ba 101 0# $apor$afre$aeng$ager 102 ## $aPT 200 1# $aEstrada para o Curral das Freiras, Madeira$bVisual gráfico]$dRoute vers Curral das Freiras, Madeira$dRoad to Curral das Freiras, Madeira$dStrasse nach Curral das Freiras, Madeira$zfre$zeng$zger 210 #9 $aFunchal$b(Tr.ª São João de Deus, 13)$cBernardino V.G. Carvão,$d[D.L. 1982]$ePorto :$gLito Of. Artistas Reunidos) 215 ## $a1 postal$ccolor.$d10,5x15 cm 225 2# $aMadeira [ Bernardino V.G. Carvão]$v668 510 1# $aRoute vers Curral das Freiras, Madeira$zfre 510 1# $aRoad to Curral das Freiras, Madeira$zeng 510 1# $aStrasse nach Curral das Freiras, Madeira$zger 675 ## $a908(469.81Curral das Freiras)"198"(084.0)$vBN$zpor$31450354 702 #1 $aCarvão,$bBernardino V.G.$4650$339193 801 #0 $aPT$bBN$gRPC 966 ## $lBN$mICONOG$sP.I. 23017 P.$x1 971 ## $cfpinelo$d20241113
Etiqueta de registo: 00254nkm 2200109 450 001 2195998 003 http://id.bnportugal.gov.pt/bib/catbnp/2195998 100 ## $a20241113d1982 am y0pory01030103ba 101 0# $apor$afre$aeng$ager 102 ## $aPT 200 1# $aCamacha (Largo da Achada), Madeira$bVisual gráfico]$dCamacha (Place de l'Achada), Madeira$dCamacha (Largo da Achada), Madeira$dCamacha (Achada Platz), Madeira$zfre$zeng$zger 210 #9 $aFunchal$b(Tr.ª São João de Deus, 13)$cBernardino V.G. Carvão,$d[D.L. 1982]$ePorto :$gLito Of. Artistas Reunidos) 215 ## $a1 postal$ccolor.$d10,5x15 cm 225 2# $aMadeira [ Bernardino V.G. Carvão]$v660 510 1# $aCamacha (Place de l'Achada), Madeira$zfre 510 1# $aCamacha (Largo da Achada), Madeira$zeng 510 1# $aCamacha (Achada Platz), Madeira$zger 675 ## $a908(469.81Camacha)"198"(084.0)$vBN$zpor$3324352 702 #1 $aCarvão,$bBernardino V.G.$4650$339193 801 #0 $aPT$bBN$gRPC 966 ## $lBN$mICONOG$sP.I. 23012 P.$x1 971 ## $cfpinelo$d20241113
Etiqueta de registo: 00254nkm 2200109 450 001 2195992 003 http://id.bnportugal.gov.pt/bib/catbnp/2195992 100 ## $a20241113d1982 am y0pory01030103ba 101 0# $apor$afre$aeng$ager 102 ## $aPT 200 1# $aSapatinhos (estufa), Madeira$bVisual gráfico]$dSapatinhos (serre), Madeira$dLady's slipper (greenhouse), Madeira$dSapatinhos (treibhaus), Madeira$zfre$zeng$zger 210 #9 $aFunchal$b(Tr.ª São João de Deus, 13)$cBernardino V.G. Carvão,$d[D.L. 1982]$ePorto :$gLito Of. Artistas Reunidos) 215 ## $a1 postal$ccolor.$d10,5x15 cm 225 2# $aMadeira [ Bernardino V.G. Carvão]$v667 510 1# $aSapatinhos (serre), Madeira$zfre 510 1# $aLady's slipper (greenhouse), Madeira$zeng 510 1# $aSapatinhos (treibhaus), Madeira$zger 675 ## $a908(469.8Madeira)"198"(084.0)$vBN$zpor$31935285 702 #1 $aCarvão,$bBernardino V.G.$4650$339193 801 #0 $aPT$bBN$gRPC 966 ## $lBN$mICONOG$sP.I. 23016 P.$x1 971 ## $cfpinelo$d20241113
Etiqueta de registo: 00254nkm 2200109 450 001 2195966 003 http://id.bnportugal.gov.pt/bib/catbnp/2195966 100 ## $a20241113d1982 am y0pory01030103ba 101 0# $apor$afre$aeng$ager 102 ## $aPT 200 1# $a O Funchal à noite..., Madeira$bVisual gráfico]$d Le soir au Funchal..., Madeira$dFunchal in the evening..., Madeira$dFunchal bei nacht..., Madeira$zfre$zeng$zger 210 #9 $aFunchal$b(Tr.ª São João de Deus, 13)$cBernardino V.G. Carvão,$d[D.L. 1982]$ePorto :$gLito Of. Artistas Reunidos) 215 ## $a1 postal$ccolor.$d10,5x15 cm 225 2# $aMadeira [ Bernardino V.G. Carvão]$v662 510 1# $a Le soir au Funchal..., Madeira$zfre 510 1# $aFunchal in the evening..., Madeira$zeng 510 1# $aFunchal bei nacht..., Madeira$zger 675 ## $a908(469.81Funchal)"198"(084.0)$vBN$zpor$3309748 702 #1 $aCarvão,$bBernardino V.G.$4650$339193 801 #0 $aPT$bBN$gRPC 966 ## $lBN$mICONOG$sP.I. 23014 P.$x1 971 ## $cfpinelo$d20241113
Etiqueta de registo: 00254nkm 2200109 450 001 2195964 003 http://id.bnportugal.gov.pt/bib/catbnp/2195964 100 ## $a20241113d1982 am y0pory01030103ba 101 0# $apor$afre$aeng$ager 102 ## $aPT 200 1# $aBalcões do Ribeiro Frio, Madeira$bVisual gráfico]$dRibeiro Frio, Belvédères, Madeira$dRibeiro Frio, Balconies, Madeira$dSteinplatten von Ribeiro Frio, Madeira$zfre$zeng$zger 210 #9 $aFunchal$b(Tr.ª São João de Deus, 13)$cBernardino V.G. Carvão,$d[D.L. 1982]$ePorto :$gLito Of. Artistas Reunidos) 215 ## $a1 postal$ccolor.$d10,5x15 cm 225 2# $aMadeira [ Bernardino V.G. Carvão]$v657 510 1# $aRibeiro Frio, Belvédères, Madeira$zfre 510 1# $aRibeiro Frio, Balconies, Madeira$zeng 510 1# $aSteinplatten von Ribeiro Frio, Madeira$zger 675 ## $a908(469.8Madeira)"198"(084.0)$vBN$zpor$31935285 702 #1 $aCarvão,$bBernardino V.G.$4650$339193 801 #0 $aPT$bBN$gRPC 966 ## $lBN$mICONOG$sP.I. 23010 P.$x1 971 ## $cfpinelo$d20241113
Etiqueta de registo: 00254nkm 2200109 450 001 2195962 003 http://id.bnportugal.gov.pt/bib/catbnp/2195962 100 ## $a20241113d1982 am y0pory01030103ba 101 0# $apor$afre$aeng$ager 102 ## $aPT 200 1# $aParque das Queimadas (Santana), Madeira$bVisual gráfico]$dParc das Queimadas (Santana), Madeira$dPark das Queimadas (Santana), Madeira$dParkanlage der Queimadas (Santana), Madeira$zfre$zeng$zger 210 #9 $aFunchal$b(Tr.ª São João de Deus, 13)$cBernardino V.G. Carvão,$d[D.L. 1982]$ePorto :$gLito Of. Artistas Reunidos) 215 ## $a1 postal$ccolor.$d10,5x15 cm 225 2# $aMadeira [ Bernardino V.G. Carvão]$v233 510 1# $aParc das Queimadas (Santana), Madeira$zfre 510 1# $aPark das Queimadas (Santana), Madeira$zeng 510 1# $aParkanlage der Queimadas (Santana), Madeira$zger 675 ## $a908(469.8Madeira)"198"(084.0)$vBN$zpor$31935285 702 #1 $aCarvão,$bBernardino V.G.$4650$339193 801 #0 $aPT$bBN$gRPC 966 ## $lBN$mICONOG$sP.I. 23001 P.$x1 971 ## $cfpinelo$d20241113
Etiqueta de registo: 00254nkm 2200109 450 001 2195961 003 http://id.bnportugal.gov.pt/bib/catbnp/2195961 100 ## $a20241113d1982 am y0pory01030103ba 101 0# $apor$afre$aeng$ager 102 ## $aPT 200 1# $aDebulha de cereais, Porto Santo$bVisual gráfico]$dDépiquage, Porto Santo$dThreshing, Porto Santo$dGetreidedrusch, Porto Santo$zfre$zeng$zger 210 #9 $aFunchal$b(Tr.ª São João de Deus, 13)$cBernardino V.G. Carvão,$d[D.L. 1982]$ePorto :$gLito Of. Artistas Reunidos) 215 ## $a1 postal$ccolor.$d10,5x15 cm 225 2# $aMadeira [ Bernardino V.G. Carvão]$v653 510 1# $aDépiquage, Porto Santo$zfre 510 1# $aThreshing, Porto Santo$zeng 510 1# $aGetreidedrusch, Porto Santo$zger 675 ## $a908(469.81Porto Santo)"198"(084.0)$vBN$zpor$31458530 702 #1 $aCarvão,$bBernardino V.G.$4650$339193 801 #0 $aPT$bBN$gRPC 966 ## $lBN$mICONOG$sP.I. 23006 P.$x1 971 ## $cfpinelo$d20241113
Etiqueta de registo: 00254nkm 2200109 450 001 2195957 003 http://id.bnportugal.gov.pt/bib/catbnp/2195957 100 ## $a20241113d1982 am y0pory01030103ba 101 0# $apor$afre$aeng$ager 102 ## $aPT 200 1# $a O jerico, forma típica de locomoção, Porto Santo$bVisual gráfico]$d L' âne, typique moyen de transport, Porto Santo$d The donkey, typical mean of transport, Porto Santo$d Der esel, ein typisches transportmittel, Porto Santo$zfre$zeng$zger 210 #9 $aFunchal$b(Tr.ª São João de Deus, 13)$cBernardino V.G. Carvão,$d[D.L. 1982]$ePorto :$gLito Of. Artistas Reunidos) 215 ## $a1 postal$ccolor.$d10,5x15 cm 225 2# $aMadeira [ Bernardino V.G. Carvão]$v654 510 1# $a L' âne, typique moyen de transport, Porto Santo$zfre 510 1# $a The donkey, typical mean of transport, Porto Santo$zeng 510 1# $a Der esel, ein typisches transportmittel, Porto Santo$zger 675 ## $a908(469.81Porto Santo)"198"(084.0)$vBN$zpor$31458530 702 #1 $aCarvão,$bBernardino V.G.$4650$339193 801 #0 $aPT$bBN$gRPC 966 ## $lBN$mICONOG$sP.I. 23007 P.$x1 971 ## $cfpinelo$d20241113
Etiqueta de registo: 00254nkm 2200109 450 001 2195955 003 http://id.bnportugal.gov.pt/bib/catbnp/2195955 100 ## $a20241113d1982 am y0pory01030103ba 101 0# $apor$afre$aeng$ager 102 ## $aPT 200 1# $a Uma praia de areia dourada, Porto Santo$bVisual gráfico]$d Une plage de sable doré, Porto Santo$d A gilt sand beach, Porto Santo$d Ein Goldenen Sand strand, Porto Santo$zfre$zeng$zger 210 #9 $aFunchal$b(Tr.ª São João de Deus, 13)$cBernardino V.G. Carvão,$d[D.L. 1982]$ePorto :$gLito Of. Artistas Reunidos) 215 ## $a1 postal$ccolor.$d10,5x15 cm 225 2# $aMadeira [ Bernardino V.G. Carvão]$v656 510 1# $a Une plage de sable doré, Porto Santo$zfre 510 1# $a A gilt sand beach, Porto Santo$zeng 510 1# $a Ein Goldenen Sand strand, Porto Santo$zger 675 ## $a908(469.81Porto Santo)"198"(084.0)$vBN$zpor$31458530 702 #1 $aCarvão,$bBernardino V.G.$4650$339193 801 #0 $aPT$bBN$gRPC 966 ## $lBN$mICONOG$sP.I. 23008 P.$x1 971 ## $cfpinelo$d20241113 972 ## $d20241220$vcvalente$e0$z0
Etiqueta de registo: 00254nkm 2200109 450 001 2195950 003 http://id.bnportugal.gov.pt/bib/catbnp/2195950 100 ## $a20241113d1982 am y0pory01030103ba 101 0# $apor$afre$aeng$ager 102 ## $aPT 200 1# $aAspecto da zona oeste do Funchal, Madeira$bVisual gráfico]$dAspect de la zone ouest du Funchal, Madeira$dAspect of the west zone of Funchal, Madeira$dAnsicht der westzone von Funchal, Madeira$zfre$zeng$zger 210 #9 $aFunchal$b(Tr.ª São João de Deus, 13)$cBernardino V.G. Carvão,$d[D.L. 1982]$ePorto :$gLito Of. Artistas Reunidos) 215 ## $a1 postal$ccolor.$d10,5x15 cm 225 2# $aMadeira [ Bernardino V.G. Carvão]$v656 510 1# $aAspect de la zone ouest du Funchal, Madeira$zfre 510 1# $aAspect of the west zone of Funchal, Madeira$zeng 510 1# $aAnsicht der westzone von Funchal, Madeira$zger 675 ## $a908(469.8Madeira)"198"(084.0)$vBN$zpor$31935285 702 #1 $aCarvão,$bBernardino V.G.$4650$339193 801 #0 $aPT$bBN$gRPC 966 ## $lBN$mICONOG$sP.I. 23009 P.$x1 971 ## $cfpinelo$d20241113
Etiqueta de registo: 00254nkm 2200109 450 001 2195919 003 http://id.bnportugal.gov.pt/bib/catbnp/2195919 100 ## $a20241113d1982 am y0pory01030103ba 101 0# $apor$afre$aeng$ager 102 ## $aPT 200 1# $aFlores características da Ilha, Madeira$bVisual gráfico]$dFleurs caractéristiques de l'Île, Madeira$dIsland characteristic flowers, Madeira$d Die charakteristischen blumen der Insel, Madeira$zfre$zeng$zger 210 #9 $aFunchal$b(Apartamentos Piornais, bloco 9-3.º A)$cBernardino V.G. Carvão,$d[D.L. 1982]$ePorto :$gLito Of. Artistas Reunidos) 215 ## $a1 postal$ccolor.$d10,5x15 cm 225 2# $aMadeira [ Bernardino V.G. Carvão]$v566 330 ## $aComposição tripartida 510 1# $aFleurs caractéristiques de l'Île, Madeira$zfre 510 1# $aIsland characteristic flowers, Madeira$zeng 510 1# $a Die charakteristischen blumen der Insel, Madeira$zger 675 ## $a908(469.8Madeira)"198"(084.0)$vBN$zpor$31935285 702 #1 $aCarvão,$bBernardino V.G.$4650$339193 801 #0 $aPT$bBN$gRPC 966 ## $lBN$mICONOG$sP.I. 23370 P.$x1 971 ## $cfpinelo$d20241113
Etiqueta de registo: 00254nkm 2200109 450 001 2195906 003 http://id.bnportugal.gov.pt/bib/catbnp/2195906 100 ## $a20241113d1982 am y0pory01030103ba 101 0# $apor$afre$aeng$ager 102 ## $aPT 200 1# $aEstrada entre São Vicente e Porto do Moniz, Ribeira do Inferno, Madeira$bVisual gráfico]$dRoute entre São Vicente et Porto do Moniz, Ribeira do Inferno, Madeira$dRoad between São Vicente and Porto do Moniz, Ribeira do Inferno, Madeira$dStrasse zwischen São Vicente und Porto do Moniz, Ribeira do Inferno, Madeira$zfre$zeng$zger 210 #9 $aFunchal$b(Apartamentos Piornais, bloco 9-3.º A)$cBernardino V.G. Carvão,$d[D.L. 1982]$ePorto :$gLito Of. Artistas Reunidos) 215 ## $a1 postal$ccolor.$d15x10,5 cm 225 2# $aMadeira [ Bernardino V.G. Carvão]$v536 510 1# $aRoute entre São Vicente et Porto do Moniz, Ribeira do Inferno, Madeira$zfre 510 1# $aRoad between São Vicente and Porto do Moniz, Ribeira do Inferno, Madeira$zeng 510 1# $aStrasse zwischen São Vicente und Porto do Moniz, Ribeira do Inferno, Madeira$zger 675 ## $a908(469.8Madeira)"198"(084.0)$vBN$zpor$31935285 702 #1 $aCarvão,$bBernardino V.G.$4650$339193 801 #0 $aPT$bBN$gRPC 966 ## $lBN$mICONOG$sP.I. 23368 P.$x1 971 ## $cfpinelo$d20241113
Etiqueta de registo: 00254nkm 2200109 450 001 2195866 003 http://id.bnportugal.gov.pt/bib/catbnp/2195866 100 ## $a20241112d1982 am y0pory01030103ba 101 0# $apor$afre$aeng$ager 102 ## $aPT 200 1# $aIgreja do Monte, Madeira$bVisual gráfico]$dÉglise du Mont, Madeira$dMount Church, Madeira$dKirche des Monte, Madeira$zfre$zeng$zger 210 #9 $aFunchal$b(Apartamentos Piornais, bloco 9-3.º A)$cBernardino V.G. Carvão,$d[D.L. 1982]$ePorto :$gLito Of. Artistas Reunidos) 215 ## $a1 postal$ccolor.$d10,5x15 cm 225 2# $aMadeira [ Bernardino V.G. Carvão]$v456 316 ## $aApresenta ligeira falha de papel no canto inferior esquerdo, com prejuízo da leitura
do impressor$5PTBN: P.I. 23366 P. 510 1# $aÉglise du Mont, Madeira$zfre 510 1# $aMount Church, Madeira$zeng 510 1# $aKirche des Monte, Madeira$zger 675 ## $a908(469.8Madeira)"198"(084.0)$vBN$zpor$31935285 702 #1 $aCarvão,$bBernardino V.G.$4650$339193 801 #0 $aPT$bBN$gRPC 966 ## $lBN$mICONOG$sP.I. 23366 P.$x1 971 ## $cfpinelo$d20241112
Etiqueta de registo: 00254nkm 2200109 450 001 2195863 003 http://id.bnportugal.gov.pt/bib/catbnp/2195863 100 ## $a20241112d1982 am y0pory01030103ba 101 0# $apor$aeng$afre 102 ## $aPT 200 1# $aFolclore, grupo do Funchal, Madeira$bVisual gráfico]$dFolklore, Funchal groupe, Madeira$dFolklore, grupe du Funchal, Madeira$zeng$zfre 210 #9 $aFunchal$b(Apartamentos Piornais, bloco 9-3.º A)$cBernardino V.G. Carvão,$d[D.L. 1982]$ePorto :$gLito Of. Artistas Reunidos) 215 ## $a1 postal$ccolor.$d10,5x15 cm 225 2# $aMadeira [ Bernardino V.G. Carvão]$v21 510 1# $aFolklore, Funchal groupe, Madeira$zeng 510 1# $aFolklore, grupe du Funchal, Madeira$zfre 675 ## $a908(469.81Funchal)"198"(084.0)$vBN$zpor$3309748 702 #1 $aCarvão,$bBernardino V.G.$4650$339193 801 #0 $aPT$bBN$gRPC 966 ## $lBN$mICONOG$sP.I. 23365 P.$x1 971 ## $cfpinelo$d20241112
Etiqueta de registo: 00254nkm 2200109 450 001 2195856 003 http://id.bnportugal.gov.pt/bib/catbnp/2195856 100 ## $a20241112d1982 am y0pory01030103ba 101 0# $apor$afre$aeng$ager 102 ## $aPT 200 1# $aReid's Hotel, Funchal, Madeira$bVisual gráfico]$dReid's Hôtel, Funchal, Madeira$dReid's Hotel, Funchal, Madeira$dReid's Hotel, Funchal, Madeira$zfre$zeng$zger 210 #9 $aFunchal$b(Apartamentos Piornais, bloco 9-3.º A)$cBernardino V.G. Carvão,$d[D.L. 1982]$ePorto :$gLito Of. Artistas Reunidos) 215 ## $a1 postal$ccolor.$d10,5x15 cm 225 2# $aMadeira [ Bernardino V.G. Carvão]$v538 510 1# $aReid's Hôtel, Funchal, Madeira$zfre 510 1# $aReid's Hotel, Funchal, Madeira$zeng 510 1# $aReid's Hotel, Funchal, Madeira$zger 675 ## $a908(469.81Funchal)"198"(084.0)$vBN$zpor$3309748 702 #1 $aCarvão,$bBernardino V.G.$4650$339193 801 #0 $aPT$bBN$gRPC 966 ## $lBN$mICONOG$sP.I. 23369 P.$x1 971 ## $cfpinelo$d20241112
Etiqueta de registo: 00254nkm 2200109 450 001 2195846 003 http://id.bnportugal.gov.pt/bib/catbnp/2195846 100 ## $a20241112d1982 am y0pory01030103ba 101 0# $apor$afre$aeng$ager 102 ## $aPT 200 1# $a Um aspecto da praia, Porto Santo$bVisual gráfico]$d Un aspect de la plage, Porto Santo$d An aspect of the beach, Porto Santo$dAussicht der strand, Porto Santo$zfre$zeng$zger 210 #9 $aFunchal$b(Apartamentos Piornais, bloco 9-3.º A)$cBernardino V.G. Carvão,$d[D.L. 1982]$ePorto :$gLito Of. Artistas Reunidos) 215 ## $a1 postal$ccolor.$d10,5x15 cm 225 2# $aMadeira [ Bernardino V.G. Carvão]$v131 510 1# $a Un aspect de la plage, Porto Santo$zfre 510 1# $a An aspect of the beach, Porto Santo$zeng 510 1# $aAussicht der strand, Porto Santo$zger 675 ## $a908(469.81Porto Santo)"198"(084.0)$vBN$zpor$31458530 702 #1 $aCarvão,$bBernardino V.G.$4650$339193 801 #0 $aPT$bBN$gRPC 966 ## $lBN$mICONOG$sP.I. 23367 P.$x1 971 ## $cfpinelo$d20241112
Etiqueta de registo: 00254nkm 2200109 450 001 2195845 003 http://id.bnportugal.gov.pt/bib/catbnp/2195845 100 ## $a20241112d1982 am y0pory01030103ba 101 0# $apor$afre$aeng$ager 102 ## $aPT 200 1# $aPonta do Sol (vila), Madeira$bVisual gráfico]$dPonta do Sol (bourg), Madeira$dPonta do Sol (borough), Madeira$dPonta do Sol (kleinstadt, Madeira$zfre$zeng$zger 210 #9 $aFunchal$b(Tr.ª São João de Deus, 13)$cBernardino V.G. Carvão,$d[D.L. 1982]$ePorto :$gLito Of. Artistas Reunidos) 215 ## $a1 postal$ccolor.$d10,5x15 cm 225 2# $aMadeira [ Bernardino V.G. Carvão]$v658 510 1# $aPonta do Sol (bourg), Madeira$zfre 510 1# $aPonta do Sol (borough), Madeira$zeng 510 1# $aPonta do Sol (kleinstadt, Madeira$zger 675 ## $a908(469.81Ponta do Sol)"198"(084.0)$vBN$zpor$31935295 702 #1 $aCarvão,$bBernardino V.G.$4650$339193 801 #0 $aPT$bBN$gRPC 966 ## $lBN$mICONOG$sP.I. 23011 P.$x1 971 ## $cfpinelo$d20241112
Etiqueta de registo: 00254nkm 2200109 450 001 2195833 003 http://id.bnportugal.gov.pt/bib/catbnp/2195833 100 ## $a20241112d1982 am y0pory01030103ba 101 0# $apor 102 ## $aPT 200 1# $aArco de São Jorge, Madeira$bVisual gráfico] 210 #9 $aFunchal$b(Tr.ª São João de Deus, 13)$cBernardino V.G. Carvão,$d[D.L. 1982]$ePorto :$gLito Of. Artistas Reunidos) 215 ## $a1 postal$ccolor.$d10,5x15 cm 225 2# $aMadeira [ Bernardino V.G. Carvão]$v652 675 ## $a908(469.81Arco de São Jorge)"198"(084.0)$vBN$zpor$31935278 702 #1 $aCarvão,$bBernardino V.G.$4650$339193 801 #0 $aPT$bBN$gRPC 966 ## $lBN$mICONOG$sP.I. 23005 P.$x1 971 ## $cfpinelo$d20241112
Etiqueta de registo: 00254nkm 2200109 450 001 2195824 003 http://id.bnportugal.gov.pt/bib/catbnp/2195824 100 ## $a20241112d1982 am y0pory01030103ba 101 0# $apor 102 ## $aPT 200 1# $aQueimadas, Santana, Madeira$bVisual gráfico] 210 #9 $aFunchal$b(Tr.ª São João de Deus, 13)$cBernardino V.G. Carvão,$d[D.L. 1982]$ePorto :$gLito Of. Artistas Reunidos) 215 ## $a1 postal$ccolor.$d10,5x15 cm 225 2# $aMadeira [ Bernardino V.G. Carvão]$v650 675 ## $a908(469.81Santana)"198"(084.0)$vBN$zpor$31457102 702 #1 $aCarvão,$bBernardino V.G.$4650$339193 801 #0 $aPT$bBN$gRPC 966 ## $lBN$mICONOG$sP.I. 23003 P.$x1 971 ## $cfpinelo$d20241112
Etiqueta de registo: 00254nkm 2200109 450 001 2195822 003 http://id.bnportugal.gov.pt/bib/catbnp/2195822 100 ## $a20241112d1982 am y0pory01030103ba 101 0# $apor 102 ## $aPT 200 1# $aSeixal, Madeira$bVisual gráfico] 210 #9 $aFunchal$b(Tr.ª São João de Deus, 13)$cBernardino V.G. Carvão,$d[D.L. 1982]$ePorto :$gLito Of. Artistas Reunidos) 215 ## $a1 postal$ccolor.$d10,5x15 cm 225 2# $aMadeira [ Bernardino V.G. Carvão]$v661 675 ## $a908(469.81Seixal)"198"(084.0)$vBN$zpor$31242883 702 #1 $aCarvão,$bBernardino V.G.$4650$339193 801 #0 $aPT$bBN$gRPC 966 ## $lBN$mICONOG$sP.I. 23013 P.$x1 971 ## $cfpinelo$d20241112
|
|
|